MARC details
| 000 -LEADER |
| fixed length control field |
02140nam a2200517 i 4500 |
| 001 - CONTROL NUMBER |
| control field |
BDZ0047001159 |
| 003 - CONTROL NUMBER IDENTIFIER |
| control field |
StDuBDS |
| 005 - DATE AND TIME OF LATEST TRANSACTION |
| control field |
20241030120903.0 |
| 006 - FIXED-LENGTH DATA ELEMENTS--ADDITIONAL MATERIAL CHARACTERISTICS |
| fixed length control field |
m|||||o||d|||||||| |
| 007 - PHYSICAL DESCRIPTION FIXED FIELD--GENERAL INFORMATION |
| fixed length control field |
cr ||||||||||| |
| 008 - FIXED-LENGTH DATA ELEMENTS--GENERAL INFORMATION |
| fixed length control field |
190930t20192019stk fob 001|0|eng|d |
| 020 ## - INTERNATIONAL STANDARD BOOK NUMBER |
| International Standard Book Number |
9781474475457 (ebook) : |
| Terms of availability |
No price |
| 040 ## - CATALOGING SOURCE |
| Original cataloging agency |
StDuBDS |
| Language of cataloging |
eng |
| Description conventions |
rda |
| -- |
pn |
| Transcribing agency |
StDuBDS |
| Modifying agency |
StDuBDSZ |
| 050 #4 - LIBRARY OF CONGRESS CALL NUMBER |
| Classification number |
KDC426.D5 |
| Item number |
G3 2019 |
| 072 #7 - SUBJECT CATEGORY CODE |
| Subject category code |
LAW |
| Source |
ukslc |
| 072 #7 - SUBJECT CATEGORY CODE |
| Subject category code |
LNAC |
| Source |
thema |
| 072 #7 - SUBJECT CATEGORY CODE |
| Subject category code |
LNB |
| Source |
thema |
| 072 #7 - SUBJECT CATEGORY CODE |
| Subject category code |
LNS |
| Source |
thema |
| 072 #7 - SUBJECT CATEGORY CODE |
| Subject category code |
LNSH3 |
| Source |
thema |
| 072 #7 - SUBJECT CATEGORY CODE |
| Subject category code |
LNDJ |
| Source |
thema |
| 072 #7 - SUBJECT CATEGORY CODE |
| Subject category code |
LNV |
| Source |
thema |
| 082 04 - DEWEY DECIMAL CLASSIFICATION NUMBER |
| Classification number |
346.411043 |
| Edition number |
23 |
| 100 1# - MAIN ENTRY--PERSONAL NAME |
| Personal name |
Garrity, Denis J., |
| Relator term |
author. |
| 245 10 - TITLE STATEMENT |
| Title |
Dilapidations and service charge |
| Medium |
[electronic resource] / |
| Statement of responsibility, etc. |
Denis J. Garrity, LLB (Hons), Dip LP, Lorna Richardson, LLB (Hons), Dip LP. |
| 264 #1 - PRODUCTION, PUBLICATION, DISTRIBUTION, MANUFACTURE, AND COPYRIGHT NOTICE |
| Place of production, publication, distribution, manufacture |
Edinburgh : |
| Name of producer, publisher, distributor, manufacturer |
Edinburgh University Press, |
| Date of production, publication, distribution, manufacture, or copyright notice |
[2019] |
| 264 #4 - PRODUCTION, PUBLICATION, DISTRIBUTION, MANUFACTURE, AND COPYRIGHT NOTICE |
| Date of production, publication, distribution, manufacture, or copyright notice |
2019 |
| 300 ## - PHYSICAL DESCRIPTION |
| Extent |
1 online resource (xiv, 135 pages) |
| 336 ## - CONTENT TYPE |
| Content type term |
text |
| Source |
rdacontent |
| 337 ## - MEDIA TYPE |
| Media type term |
computer |
| Source |
rdamedia |
| 338 ## - CARRIER TYPE |
| Carrier type term |
online resource |
| Source |
rdacarrier |
| 366 ## - TRADE AVAILABILITY INFORMATION |
| Detailed date of publication |
20191205 |
| Availability status code |
Available |
| 504 ## - BIBLIOGRAPHY, ETC. NOTE |
| Bibliography, etc. note |
Includes bibliographical references and index. |
| 520 8# - SUMMARY, ETC. |
| Summary, etc. |
This clear and practical book gives a thorough exposition of the law governing dilapidations in Scotland. It covers the underlying common law; interpretation of the lease; remedies for breach of repairing obligation; common parts and service charge; and dispute resolution. |
| 650 #0 - SUBJECT ADDED ENTRY--TOPICAL TERM |
| Topical term or geographic name entry element |
Dilapidations |
| Geographic subdivision |
Scotland. |
| 650 #0 - SUBJECT ADDED ENTRY--TOPICAL TERM |
| Topical term or geographic name entry element |
Real estate management |
| General subdivision |
Service charges |
| -- |
Law and legislation |
| Geographic subdivision |
Scotland. |
| 650 #7 - SUBJECT ADDED ENTRY--TOPICAL TERM |
| Topical term or geographic name entry element |
Law. |
| Source of heading or term |
ukslc |
| 650 #7 - SUBJECT ADDED ENTRY--TOPICAL TERM |
| Topical term or geographic name entry element |
Legal systems: civil procedure, litigation & dispute resolution |
| Source of heading or term |
thema |
| 650 #7 - SUBJECT ADDED ENTRY--TOPICAL TERM |
| Topical term or geographic name entry element |
Private or civil law: general |
| Source of heading or term |
thema |
| 650 #7 - SUBJECT ADDED ENTRY--TOPICAL TERM |
| Topical term or geographic name entry element |
Property law: general |
| Source of heading or term |
thema |
| 650 #7 - SUBJECT ADDED ENTRY--TOPICAL TERM |
| Topical term or geographic name entry element |
Landlord & tenant law |
| Source of heading or term |
thema |
| 650 #7 - SUBJECT ADDED ENTRY--TOPICAL TERM |
| Topical term or geographic name entry element |
EBOOK |
| 700 1# - ADDED ENTRY--PERSONAL NAME |
| Personal name |
Richardson, Lorna, |
| Relator term |
author. |
| 776 08 - ADDITIONAL PHYSICAL FORM ENTRY |
| Relationship information |
Print version : |
| International Standard Book Number |
9781474473903 |
| 856 40 - ELECTRONIC LOCATION AND ACCESS |
| Uniform Resource Identifier |
<a href="https://www.vlebooks.com/product/openreader?id=RICS&accId=9491556&isbn=9781474475457">https://www.vlebooks.com/product/openreader?id=RICS&accId=9491556&isbn=9781474475457</a> |
| Public note |
Available on VLeBooks (email [email protected] if you do not have a login) |
| 942 ## - ADDED ENTRY ELEMENTS (KOHA) |
| Source of classification or shelving scheme |
Dewey Decimal Classification |